Catálogo

Vista normal Vista MARC

Entrada Personal Name

Número de registros utilizados en: 1

001 - CONTROL NUMBER

  • control field: 8296

003 - CONTROL NUMBER IDENTIFIER

  • control field: DLC

005 - DATE AND TIME OF LATEST TRANSACTION

  • control field: 20181019101103.0

008 - FIXED-LENGTH DATA ELEMENTS

  • fixed length control field: 821120n| azannaabn |n aaa

010 ## - LIBRARY OF CONGRESS CONTROL NUMBER

  • LC control number: n 82118762

035 ## - SYSTEM CONTROL NUMBER

  • System control number: (OCoLC)oca00815136

040 ## - CATALOGING SOURCE

  • Original cataloging agency: DLC
  • Language of cataloging: spa
  • Description conventions: rda
  • Transcribing agency: Mx-PuUPA
  • Modifying agency: DLC
  • Modifying agency: UPB
  • Modifying agency: OCoLC
  • Modifying agency: UPB
  • Modifying agency: Mx-PuUPA

046 ## - SPECIAL CODED DATES

  • Birth date: 19540228

053 #0 - LC CLASSIFICATION NUMBER

  • Classification number element--single number or beginning number of span: PQ7298.18.I65

100 1# - HEADING--PERSONAL NAME

  • Personal name: Hinojosa, Francisco
  • Dates associated with a name: 1954-

370 ## - ASSOCIATED PLACE

  • Place of birth: Mexico City (Mexico)
  • Source of term: naf

374 ## - OCCUPATION

  • Occupation: Authors
  • Source of term: lcsh

375 ## - GENDER

  • Gender: hombre

377 ## - ASSOCIATED LANGUAGE

  • Language code: spa

670 ## - SOURCE DATA FOUND

  • Source citation: His The old lady who ate people, c1982:
  • Information found: CIP t.p. (Francisco Hinojosa) publisher's info. (lives in Mexico)

670 ## - SOURCE DATA FOUND

  • Source citation: His Informe negro, 1987:
  • Information found: t.p. (Francisco Hinojosa) p. 4 (b. 2-28-54 en la ciudad de México)

670 ## - SOURCE DATA FOUND

  • Source citation: Biblioteca del congreso (Estados Unidos), 19 octubre 2018:
  • Information found: catálogo electrónico
  • Uniform Resource Identifier: https://goo.gl/EgNZMG